[Event "GER Cup Net V3 U2400"]
[White "Stelzer, Harald"]
[Black "Dauner, Benedikt"]
[Site "Playchess.com INT"]
[Round "5"]
[Result "1-0"]
[Date "2020.05.27"]
[WhiteElo "1843"]
[BlackElo "2062"]
[PlyCount "143"]
[EventDate "2020.05.27"]
[EventType "swiss (blitz)"]
[EventRounds "9"]
[EventCountry "GER"]
[SourceTitle "EXT 2021"]
[Source "ChessBase"]
[SourceDate "2020.10.23"]
[SourceVersion "1"]
[SourceVersionDate "2020.10.23"]
[SourceQuality "1"]

1. e4 g6 2. d4 Bg7 3. Be3 d6 4. Nc3 a6 5. Qd2 b5 6. Bd3 Bb7 7. f3 Nd7 8. h4 c5 9. Qf2 cxd4 10. Bxd4 Bxd4 11. Qxd4 Ngf6 12. h5 Qb6 13. Qxb6 Nxb6 14. hxg6 fxg6 15. Nge2 b4 16. Nd1 e5 17. Ne3 d5 18. exd5 Nfxd5 19. Nxd5 Nxd5 20. Be4 0-0-0 21. Kf2 Nf6 22. Bxb7+ Kxb7 23. Rad1 Kc7 24. c3 bxc3 25. Nxc3 e4 26. fxe4 Rxd1 27. Rxd1 Rf8 28. Ke2 Ng4 29. Rd2 Rf2+ 30. Kd3 Ne5+ 31. Kc2 Rxd2+ 32. Kxd2 Nc4+ 33. Kd3 Nxb2+ 34. Kd4 Kd6 35. e5+ Ke6 36. Ne4 Na4 37. Ng5+ Ke7 38. Nxh7 Nb6 39. Ng5 Nd7 40. Kd5 Nb6+ 41. Kc6 Nd7 42. e6 Ne5+ 43. Kb6 Nd3 44. a4 Nb4 45. Ka5 Nc2 46. Kxa6 Kf6 47. Kb6 Nb4 48. a5 Kxg5 49. e7 Nd5+ 50. Kb7 Nxe7 51. a6 Nf5 52. a7 Nd6+ 53. Kc6 Nf5 54. a8Q Nd4+ 55. Kc5 Nf5 56. Kd5 Ne7+ 57. Ke6 Nf5 58. Qd5 Kf4 59. Kf6 Nh4 60. Qg5+ Ke4 61. Qxh4+ Ke3 62. Qg5+ Ke2 63. Qxg6 Kf1 64. g3 Kg1 65. g4 Kg2 66. g5 Kg3 67. Qf5 Kh4 68. g6 Kg3 69. g7 Kh4 70. Kf7 Kg3 71. g8Q+ Kh4 72. Qfh7# 1-0

[Event "GER Cup Net V3 U2400"]
[White "Stelzer, Harald"]
[Black "Hoefelsauer, Thomas"]
[Site "Playchess.com INT"]
[Round "9"]
[Result "1-0"]
[Date "2020.05.27"]
[WhiteElo "1843"]
[BlackElo "2069"]
[PlyCount "71"]
[EventDate "2020.05.27"]
[EventType "swiss (blitz)"]
[EventRounds "9"]
[EventCountry "GER"]
[SourceTitle "EXT 2021"]
[Source "ChessBase"]
[SourceDate "2020.10.23"]
[SourceVersion "1"]
[SourceVersionDate "2020.10.23"]
[SourceQuality "1"]

1. e4 d5 2. exd5 Nf6 3. d4 Bg4 4. Be2 Bxe2 5. Qxe2 Qxd5 6. Nf3 Nc6 7. c3 0-0-0 8. 0-0 e6 9. Bf4 Bd6 10. Bxd6 Rxd6 11. Nbd2 Qh5 12. Ne4 Rd5 13. Nxf6 gxf6 14. Rfe1 Rg8 15. g3 Qh3 16. Qf1 Qg4 17. Re3 f5 18. Qe2 f4 19. Re4 Qf5 20. Re1 fxg3 21. fxg3 h5 22. Rf1 Qg6 23. Nh4 Qh7 24. Ref4 Rg7 25. Qe4 Qg8 26. Kh1 Rdg5 27. c4 Ne7 28. d5 e5 29. R4f3 Kb8 30. Nf5 Nxf5 31. Rxf5 h4 32. Rxg5 Rxg5 33. Qxh4 Rg4 34. Qf6 Rg7 35. Qxe5 Qh7 36. Qe8# 1-0

[Event "GER Cup Net V3 U2400"]
[White "Stelzer, Harald"]
[Black "Tiarks, Jann Christian"]
[Site "Playchess.com INT"]
[Round "1"]
[Result "1-0"]
[Date "2020.05.27"]
[WhiteElo "1843"]
[BlackElo "2054"]
[PlyCount "69"]
[EventDate "2020.05.27"]
[EventType "swiss (blitz)"]
[EventRounds "9"]
[EventCountry "GER"]
[SourceTitle "EXT 2021"]
[Source "ChessBase"]
[SourceDate "2020.10.23"]
[SourceVersion "1"]
[SourceVersionDate "2020.10.23"]
[SourceQuality "1"]

1. e4 c5 2. Nf3 d6 3. d4 cxd4 4. Nxd4 Nf6 5. Nc3 a6 6. f4 e5 7. Nf5 g6 8. Ng3 Nbd7 9. f5 Bg7 10. Qf3 h6 11. Be3 b5 12. 0-0-0 g5 13. Rxd6 Bb7 14. Be2 Qc7 15. Rhd1 Rc8 16. a3 Bf8 17. Bb6 Nxb6 18. Rxf6 Be7 19. Rxb6 Qxb6 20. Kb1 b4 21. axb4 Bxb4 22. Nd5 Bxd5 23. Rxd5 Bc3 24. b3 Qb4 25. Rd3 Bd4 26. f6 Qc5 27. Bd1 Qa3 28. Rxd4 exd4 29. Nf5 Rd8 30. e5 d3 31. Qc6+ Kf8 32. Nd6 d2 33. Qc7 Rxd6 34. Qc8+ Rd8 35. Qxd8# 1-0

[Event "GER-ch Net blitz qual4"]
[White "Kemper, Jannick"]
[Black "Stelzer, Harald"]
[Site "Playchess.com INT"]
[Round "6"]
[Result "0-1"]
[Date "2020.03.23"]
[WhiteElo "1591"]
[BlackElo "2186"]
[PlyCount "46"]
[EventDate "2020.03.23"]
[EventType "swiss (blitz)"]
[EventRounds "9"]
[EventCountry "GER"]
[SourceTitle "CBM 195 Extra"]
[Source "ChessBase"]
[SourceDate "2020.05.31"]
[SourceVersion "1"]
[SourceVersionDate "2020.05.31"]
[SourceQuality "1"]

1. e4 c5 2. Nf3 d6 3. d4 cxd4 4. Nxd4 Nf6 5. Nc3 g6 6. Be3 Bg7 7. f3 Nc6 8. Qd2 d5 9. 0-0-0 0-0 10. Qe1 e5 11. Nxc6 bxc6 12. exd5 cxd5 13. Bc5 d4 14. Bxf8 Qxf8 15. Ne4 Be6 16. Nxf6+ Bxf6 17. Qe4 Bxa2 18. Ba6 Rb8 19. Bb7 Qb4 20. b3 Rxb7 21. g4 Qc3 22. Qxb7 Bg5+ 23. Rd2 Qa1# 0-1

[Event "GER-ch Net blitz qual4"]
[White "Stelzer, Harald"]
[Black "Reichmann, Hendrik"]
[Site "Playchess.com INT"]
[Round "1"]
[Result "1-0"]
[Date "2020.03.23"]
[WhiteElo "2186"]
[BlackElo "2344"]
[PlyCount "53"]
[EventDate "2020.03.23"]
[EventType "swiss (blitz)"]
[EventRounds "9"]
[EventCountry "GER"]
[SourceTitle "CBM 195 Extra"]
[Source "ChessBase"]
[SourceDate "2020.05.31"]
[SourceVersion "1"]
[SourceVersionDate "2020.05.31"]
[SourceQuality "1"]

1. e4 g6 2. d4 Bg7 3. Nc3 d6 4. Be3 a6 5. Qd2 b5 6. h4 h5 7. Nh3 Nd7 8. f3 e6 9. Nf4 Qe7 10. Bd3 Bb7 11. 0-0-0 Ngf6 12. Kb1 c5 13. dxc5 dxc5 14. g4 hxg4 15. h5 gxh5 16. fxg4 hxg4 17. Rxh8+ Bxh8 18. Qh2 0-0-0 19. Nh5 Nxh5 20. Qxh5 c4 21. Be2 Bxc3 22. bxc3 Bxe4 23. Qxg4 f5 24. Qg1 Nf6 25. Rxd8+ Qxd8 26. Bg5 Qd2 27. Bxd2 1-0

[Event "Hessenliga 1819"]
[White "Stelzer, Harald"]
[Black "Syperek, Sebastian"]
[Site "Hessen"]
[Round "9.1"]
[Result "1-0"]
[Date "2019.05.12"]
[WhiteElo "2183"]
[BlackElo "2184"]
[PlyCount "87"]
[EventDate "2018.09.23"]
[EventType "team-tourn"]
[EventRounds "9"]
[EventCountry "GER"]
[SourceTitle "EXT 2020"]
[Source "ChessBase"]
[SourceDate "2019.10.17"]
[SourceVersion "1"]
[SourceVersionDate "2019.10.17"]
[SourceQuality "1"]
[WhiteTeam "Bensheim"]
[BlackTeam "Bad Nauheim"]
[WhiteTeamCountry "GER"]
[BlackTeamCountry "GER"]

1. e4 g6 2. d4 Bg7 3. Nc3 c6 4. Be3 d5 5. Qd2 dxe4 6. Nxe4 Nf6 7. Nxf6+ Bxf6 8. 0-0-0 Be6 9. c4 Na6 10. Nf3 c5 11. d5 Bf5 12. Bd3 Bxd3 13. Qxd3 Qa5 14. a3 0-0 15. Bd2 Qb6 16. Bc3 Qd6 17. h4 b5 18. Bxf6 Qxf6 19. cxb5 Rab8 20. Rd2 c4 21. Qd4 c3 22. bxc3 Rxb5 23. Qxf6 exf6 24. c4 Rb3 25. Rb2 Rxa3 26. Kd2 Nc5 27. Re1 Nd3 28. Rb7 Nxf2 29. Ree7 f5 30. Ng5 Ne4+ 31. Nxe4 fxe4 32. Rxe4 Ra2+ 33. Ke3 Rxg2 34. d6 f5 35. Ree7 f4+ 36. Kd3 Rd8 37. Rg7+ Kh8 38. Rxh7+ Kg8 39. c5 f3 40. Rxa7 Rb2 41. Rhg7+ Kh8 42. Rgf7 f2 43. Kc3 Re2 44. Kd4 1-0

[Event "Frankfurt-chA"]
[White "Winand, Edgar"]
[Black "Stelzer, Harald"]
[Site "Frankfurt"]
[Round "1"]
[Result "1/2-1/2"]
[Date "2019.04.30"]
[WhiteElo "1778"]
[BlackElo "2155"]
[PlyCount "57"]
[EventDate "2019.04.29"]
[EventType "swiss"]
[EventRounds "7"]
[EventCountry "GER"]
[SourceTitle "EXT 2020"]
[Source "ChessBase"]
[SourceDate "2019.10.17"]
[SourceVersion "1"]
[SourceVersionDate "2019.10.17"]
[SourceQuality "1"]

1. g4 d5 2. Bg2 c6 3. h3 h5 4. g5 Bf5 5. d3 e5 6. Nc3 Bg6 7. e4 d4 8. Nce2 f5 9. exf5 Bxf5 10. Ng3 Bg6 11. h4 Bb4+ 12. Kf1 Bf7 13. Nf3 Nd7 14. Qe2 Qc7 15. a3 Be7 16. Bh3 Bd5 17. Rg1 g6 18. Bd2 Bxf3 19. Qxf3 Rh7 20. Be6 0-0-0 21. Qe4 Rg7 22. c4 dxc3 23. Bxc3 Bd6 24. f4 Rf8 25. f5 gxf5 26. Nxf5 Ne7 27. Ke1 Nxf5 28. Bxf5 Kb8 29. b4 1/2-1/2

[Event "Hessenliga 1819"]
[White "Stelzer, Harald"]
[Black "Keller, Peter1"]
[Site "Hessen"]
[Round "5.1"]
[Result "0-1"]
[Date "2019.02.03"]
[WhiteElo "2183"]
[BlackElo "2193"]
[PlyCount "96"]
[EventDate "2018.09.23"]
[EventType "team-tourn"]
[EventRounds "9"]
[EventCountry "GER"]
[SourceTitle "EXT 2020"]
[Source "ChessBase"]
[SourceDate "2019.10.17"]
[SourceVersion "1"]
[SourceVersionDate "2019.10.17"]
[SourceQuality "1"]
[WhiteTeam "Bensheim"]
[BlackTeam "Frankfurt TV"]
[WhiteTeamCountry "GER"]
[BlackTeamCountry "GER"]

1. e4 e5 2. Nf3 Nc6 3. Nc3 Nf6 4. Bb5 Bd6 5. 0-0 0-0 6. d3 b6 7. Ne2 Re8 8. Ng3 a6 9. Ba4 b5 10. Bb3 Na5 11. Nf5 Bf8 12. Qe2 d5 13. Ng3 Nxb3 14. axb3 Bb7 15. Re1 dxe4 16. dxe4 Qd7 17. h3 Qc6 18. c3 Qe6 19. Qc2 Nd7 20. Be3 Nc5 21. b4 Nd7 22. b3 Rac8 23. Nd2 Red8 24. Nf5 c5 25. bxc5 Nxc5 26. f3 Nd3 27. Red1 Nb4 28. Qb2 Nd3 29. Qc2 Nf4 30. Kh2 g6 31. Ng3 Rd3 32. Bxf4 Rdxc3 33. Qb1 exf4 34. Ne2 Re3 35. Nd4 Qe5 36. Nf1 Bc5 37. Nc2 Rc3 38. Ra2 Bb6 39. b4 Qc7 40. Ne1 Qc4 41. Nd2 Qd4 42. Nc2 Qf2 43. Na1 Rd8 44. Nab3 Re3 45. Rf1 Qg3+ 46. Kh1 Re2 47. Rg1 Bxg1 48. Qxg1 Re1 0-1

[Event "Hessenliga 1819"]
[White "Wendel, Stephan"]
[Black "Stelzer, Harald"]
[Site "Hessen"]
[Round "4.1"]
[Result "1/2-1/2"]
[Date "2018.12.09"]
[WhiteElo "2271"]
[BlackElo "2183"]
[PlyCount "25"]
[EventDate "2018.09.23"]
[EventType "team-tourn"]
[EventRounds "9"]
[EventCountry "GER"]
[SourceTitle "EXT 2020"]
[Source "ChessBase"]
[SourceDate "2019.10.17"]
[SourceVersion "1"]
[SourceVersionDate "2019.10.17"]
[SourceQuality "1"]
[WhiteTeam "Frankfurt BvK"]
[BlackTeam "Bensheim"]
[WhiteTeamCountry "GER"]
[BlackTeamCountry "GER"]

1. e4 g6 2. d4 Bg7 3. Nc3 c6 4. Nf3 d6 5. Be3 Qb6 6. Rb1 Nf6 7. h3 0-0 8. Bd3 Nbd7 9. 0-0 Qc7 10. Qd2 b5 11. Ne2 Nb6 12. b3 Bb7 13. c4 1/2-1/2

[Event "Hessenliga 1819"]
[White "Bethke, Richard"]
[Black "Stelzer, Harald"]
[Site "Hessen"]
[Round "2.1"]
[Result "0-1"]
[Date "2018.11.04"]
[WhiteElo "2212"]
[BlackElo "2183"]
[PlyCount "204"]
[EventDate "2018.09.23"]
[EventType "team-tourn"]
[EventRounds "9"]
[EventCountry "GER"]
[SourceTitle "EXT 2020"]
[Source "ChessBase"]
[SourceDate "2019.10.17"]
[SourceVersion "1"]
[SourceVersionDate "2019.10.17"]
[SourceQuality "1"]
[WhiteTeam "Neuberg II"]
[BlackTeam "Bensheim"]
[WhiteTeamCountry "GER"]
[BlackTeamCountry "GER"]

1. e4 g6 2. d4 Bg7 3. Nc3 c6 4. Be3 d5 5. Nf3 dxe4 6. Nxe4 Nd7 7. Bd3 Ngf6 8. Nxf6+ Nxf6 9. Bf4 Qb6 10. Rb1 0-0 11. c3 Be6 12. Qa4 Bd5 13. Bc2 Bxf3 14. gxf3 Nd5 15. Bd2 Qc7 16. Kf1 b5 17. Qa6 e5 18. dxe5 Bxe5 19. c4 Nf4 20. Be4 Qd7 21. Bxf4 Qh3+ 22. Ke2 Bxf4 23. Qxc6 Rfe8 24. Qxa8 Rxa8 25. Bxa8 Qe6+ 26. Kf1 Qh3+ 27. Kg1 bxc4 28. Rd1 Be5 29. Rc1 Qe6 30. Rc2 h5 31. h4 Kg7 32. Kg2 Bf6 33. Be4 Kh6 34. a4 a5 35. Rd1 Bxh4 36. Bd5 Qf5 37. Rxc4 Be7 38. Be4 Qg5+ 39. Kf1 h4 40. Ke2 Qe5 41. f4 Qxf4 42. b3 f5 43. Bd5 Qe5+ 44. Kf1 h3 45. Rc6 Bh4 46. Rc4 Bf6 47. Rd3 Kg7 48. f4 Qa1+ 49. Ke2 Bh4 50. Rd1 Qa2+ 51. Rd2 Qa3 52. Rc7+ Be7 53. Bf3 Qb4 54. Rdd7 Qxf4 55. Rxe7+ Kf6 56. Rh7 Qh2+ 57. Kf1 g5 58. Rc6+ Ke5 59. Rc5+ Kf4 60. Bb7 g4 61. Rf7 Qb2 62. Rfxf5+ Kg3 63. Rce5 Qb1+ 64. Ke2 Qc2+ 65. Ke1 Qc1+ 66. Ke2 Qc2+ 67. Ke1 Qxb3 68. Bd5 Qc3+ 69. Ke2 Qc2+ 70. Ke1 Qxa4 71. Re3+ Kh4 72. Rf7 Qd4 73. Rh7+ Kg5 74. Rhe7 h2 75. R3e5+ Kh4 76. Ke2 Qb2+ 77. Ke3 Kg3 78. Kd3 Qb1+ 79. Kd4 Qd1+ 80. Kc4 Qa4+ 81. Kc5 Qb4+ 82. Kc6 Qc3+ 83. Kd7 Qd4 84. Re3+ Kh4 85. Kc6 Qxd5+ 86. Kxd5 h1Q+ 87. Kc5 Qb1 88. Re8 Qb4+ 89. Kd5 Qb5+ 90. Kd4 Qb2+ 91. Kd3 a4 92. Re2 Qb1+ 93. Kc3 Qb3+ 94. Kd4 Qb4+ 95. Kd3 a3 96. Rh8+ Kg3 97. Re3+ Kf4 98. Rhe8 Qb3+ 99. Kd4 Qb2+ 100. Kd3 a2 101. R3e4+ Kg3 102. Rg8 Qb1+ 0-1

[Event "Ortisei Server24 op 4th"]
[White "Stelzer, Harald"]
[Black "Mazibuko, Khanya"]
[Site "Ortisei"]
[Round "4"]
[Result "1/2-1/2"]
[Date "2018.06.19"]
[WhiteElo "2227"]
[BlackElo "1848"]
[PlyCount "67"]
[EventDate "2018.06.16"]
[EventType "tourn"]
[EventRounds "9"]
[EventCountry "ITA"]
[SourceTitle "CBM 185 Extra"]
[Source "ChessBase"]
[SourceDate "2018.07.29"]
[SourceVersion "1"]
[SourceVersionDate "2018.07.29"]
[SourceQuality "1"]

1. e4 e5 2. Nf3 Nc6 3. d4 exd4 4. c3 d5 5. exd5 Qxd5 6. cxd4 Bg4 7. Be2 Bb4+ 8. Nc3 Bxf3 9. Bxf3 Qc4 10. Bxc6+ bxc6 11. Qe2+ Qxe2+ 12. Kxe2 0-0-0 13. Rd1 Ne7 14. Be3 Rhe8 15. Kf3 Ba5 16. Rac1 Bb6 17. Na4 Rd5 18. g3 Red8 19. Rc4 Kb7 20. b4 Nf5 21. Nc5+ Bxc5 22. bxc5 Rb8 23. Rb4+ Kc8 24. Rxb8+ Kxb8 25. g4 Ne7 26. h4 h5 27. gxh5 Rxh5 28. Bg5 Nd5 29. Kg4 Rh8 30. Re1 Kc8 31. Rb1 Re8 32. Kf3 Rh8 33. Kg4 Re8 34. Kf3 1/2-1/2

[Event "Ortisei Server24 op 4th"]
[White "Stelzer, Harald"]
[Black "Hansson, Hakan"]
[Site "Ortisei"]
[Round "2"]
[Result "0-1"]
[Date "2018.06.17"]
[WhiteElo "2227"]
[BlackElo "1978"]
[PlyCount "98"]
[EventDate "2018.06.16"]
[EventType "tourn"]
[EventRounds "9"]
[EventCountry "ITA"]
[SourceTitle "CBM 185 Extra"]
[Source "ChessBase"]
[SourceDate "2018.07.29"]
[SourceVersion "1"]
[SourceVersionDate "2018.07.29"]
[SourceQuality "1"]

1. e4 e6 2. d4 d5 3. Nc3 Nf6 4. e5 Nfd7 5. f4 g6 6. Nf3 a6 7. Be3 c5 8. Qd2 Nc6 9. Nd1 c4 10. Nf2 b5 11. g4 Bb4 12. c3 Be7 13. f5 gxf5 14. gxf5 exf5 15. Bh3 Nf8 16. 0-0 Be6 17. Bg2 Qd7 18. Nh3 0-0-0 19. b4 Ng6 20. a4 Kb7 21. Nf4 Nxf4 22. Bxf4 Rhg8 23. Kh1 Ra8 24. Ne1 Qd8 25. Nc2 Qd7 26. Ne3 Rad8 27. Bh3 Ra8 28. Ra2 Rgd8 29. Nc2 Rg8 30. Qe2 bxa4 31. Ne3 Na7 32. Qc2 Nb5 33. Bg2 Qc6 34. Raa1 a3 35. Nxf5 Bxf5 36. Qxf5 Qe6 37. Qc2 Raf8 38. Bc1 Rg6 39. Bxa3 Nxa3 40. Rxa3 Rfg8 41. Bf3 Kb8 42. Raa1 Bg5 43. b5 Qh3 44. Bxd5 Be3 45. Qe2 a5 46. Rae1 Rg3 47. e6 fxe6 48. Bxe6 Qxe6 49. Qh5 Qe4+ 0-1

[Event "Hessenliga 0809"]
[White "Stelzer, Harald"]
[Black "Steyer, Bernd"]
[Site "Germany"]
[Round "6.4"]
[Result "1-0"]
[Date "2009.01.25"]
[WhiteElo "2228"]
[BlackElo "2146"]
[PlyCount "104"]
[EventDate "2008.09.14"]
[EventType "team-tourn"]
[EventRounds "9"]
[EventCountry "GER"]
[SourceTitle "EXT 2011"]
[Source "ChessBase"]
[SourceDate "2010.11.26"]
[SourceVersion "1"]
[SourceVersionDate "2010.11.26"]
[SourceQuality "1"]
[WhiteTeam "Bensheim"]
[BlackTeam "Eppstein"]
[WhiteTeamCountry "GER"]
[BlackTeamCountry "GER"]

1. e4 e6 2. d4 d5 3. Nc3 dxe4 4. Nxe4 Nd7 5. Nf3 Ngf6 6. Bg5 Be7 7. Bxf6 Nxf6 8. Bd3 Nxe4 9. Bxe4 c6 10. Qe2 Qc7 11. 0-0-0 Bd7 12. Ne5 Bd6 13. f4 Bxe5 14. dxe5 0-0-0 15. Rd6 Kb8 16. Qg4 g6 17. Rhd1 Bc8 18. Qg5 Rxd6 19. Rxd6 h5 20. Qf6 Re8 21. b3 Qe7 22. Qxe7 Rxe7 23. Rd8 Kc7 24. Rf8 Bd7 25. Kd2 Be8 26. Ke3 Kd8 27. Rh8 Rd7 28. Bd3 Ke7 29. h3 Rd5 30. g4 hxg4 31. hxg4 Ra5 32. a4 b5 33. axb5 cxb5 34. Rh7 Kd8 35. Rh1 Ra3 36. Kd4 a5 37. Kc5 a4 38. Bxb5 Bxb5 39. Kxb5 axb3 40. Kb4 Ra2 41. Kxb3 Ra5 42. c4 g5 43. Kb4 Ra2 44. fxg5 Re2 45. Rh7 Ke8 46. Kc5 Kf8 47. g6 fxg6 48. Kd6 Re4 49. c5 Rxg4 50. c6 Kg8 51. Rd7 Rc4 52. c7 g5 1-0

[Event "Frankfurt-ch"]
[White "Thomele, Michael"]
[Black "Stelzer, Harald"]
[Site "Frankfurt"]
[Round "2"]
[Result "0-1"]
[Date "2008.05.05"]
[WhiteElo "1877"]
[BlackElo "2228"]
[PlyCount "80"]
[EventDate "2008.04.28"]
[EventType "swiss"]
[EventRounds "7"]
[EventCountry "GER"]
[SourceTitle "EXT 2009"]
[Source "ChessBase"]
[SourceDate "2008.11.26"]
[SourceVersion "1"]
[SourceVersionDate "2008.11.26"]
[SourceQuality "1"]

1. e4 c5 2. Nf3 d6 3. d4 cxd4 4. Nxd4 Nf6 5. Nc3 e6 6. Be2 a6 7. Be3 Nbd7 8. Qd2 b5 9. f3 Bb7 10. g4 Ne5 11. g5 Nfd7 12. Nd1 Qc7 13. Nf2 Be7 14. b3 d5 15. f4 Nc6 16. exd5 Nxd4 17. Bxd4 Bxd5 18. Rg1 0-0 19. 0-0-0 Bd6 20. Nd3 Be4 21. Kb1 Rac8 22. Rc1 Rfd8 23. Qe3 Bf5 24. Rgf1 Ba3 25. h4 Bxc1 26. Rxc1 Bxd3 27. Bxd3 Nc5 28. Be2 b4 29. Bb2 a5 30. h5 a4 31. h6 g6 32. Bb5 a3 33. Be5 Qb7 34. Bd4 Qd5 35. Bf6 Ne4 36. Bc4 Nd2+ 37. Ka1 Nxc4 38. bxc4 Qxc4 39. Kb1 Rd5 40. Qa7 Rd2 0-1

[Event "Hessenliga 0708"]
[White "Stelzer, Harald"]
[Black "Feldtmann, Thomas"]
[Site "Germany"]
[Round "4.1"]
[Result "0-1"]
[Date "2007.12.16"]
[WhiteElo "2226"]
[BlackElo "2227"]
[PlyCount "72"]
[EventDate "2007.09.30"]
[EventType "team-tourn"]
[EventRounds "9"]
[EventCountry "GER"]
[SourceTitle "EXT 2009"]
[Source "ChessBase"]
[SourceDate "2008.11.26"]
[SourceVersion "1"]
[SourceVersionDate "2008.11.26"]
[SourceQuality "1"]
[WhiteTeam "Bensheim"]
[BlackTeam "Marburg"]
[WhiteTeamCountry "GER"]
[BlackTeamCountry "GER"]

1. e4 c5 2. Nf3 d6 3. d4 cxd4 4. Nxd4 Nf6 5. Nc3 a6 6. f4 e6 7. Qf3 Qb6 8. Nb3 Nc6 9. Be3 Qc7 10. g4 h6 11. h4 h5 12. g5 Ng4 13. Bg1 b5 14. 0-0-0 Bb7 15. Kb1 0-0-0 16. Bh3 d5 17. Bxg4 hxg4 18. Qxg4 dxe4 19. Rxd8+ Nxd8 20. f5 Qc4 21. Be3 exf5 22. Qxf5+ Qe6 23. Qf2 Nc6 24. Rf1 Ne5 25. Nd4 Qh3 26. Rd1 Bc5 27. a3 Rf8 28. h5 Nc4 29. Bc1 f5 30. gxf6 Rxf6 31. Qe2 e3 32. Nb3 Bb6 33. Nd5 Bxd5 34. Rxd5 Qf3 35. Qd3 e2 36. Qxf3 Rxf3 0-1

[Event "Hessenliga 0708"]
[White "Stelzer, Harald"]
[Black "Hoffmeister, Frank"]
[Site "Germany"]
[Round "3.2"]
[Result "1/2-1/2"]
[Date "2007.11.11"]
[WhiteElo "2226"]
[BlackElo "2183"]
[PlyCount "76"]
[EventDate "2007.09.30"]
[EventType "team-tourn"]
[EventRounds "9"]
[EventCountry "GER"]
[SourceTitle "EXT 2009"]
[Source "ChessBase"]
[SourceDate "2008.11.26"]
[SourceVersion "1"]
[SourceVersionDate "2008.11.26"]
[SourceQuality "1"]
[WhiteTeam "Bensheim"]
[BlackTeam "Eppstein"]
[WhiteTeamCountry "GER"]
[BlackTeamCountry "GER"]

1. e4 c6 2. d4 d5 3. Nc3 dxe4 4. Nxe4 Bf5 5. Ng3 Bg6 6. h4 h6 7. h5 Bh7 8. Nf3 Nd7 9. Bd3 Bxd3 10. Qxd3 e6 11. Bf4 Ngf6 12. 0-0-0 Be7 13. Ne4 Nxe4 14. Qxe4 Nf6 15. Qe2 Qd5 16. c4 Qe4 17. Be3 Ng4 18. Qd3 Qxd3 19. Rxd3 0-0-0 20. Kc2 Bf6 21. Rhd1 Rd7 22. Kd2 e5 23. dxe5 Rxd3+ 24. Kxd3 Nxe5+ 25. Nxe5 Bxe5 26. Rb1 b6 27. b3 Kd7 28. Ke4 Ke6 29. g4 Re8 30. Rd1 f6 31. Rd3 Bc7 32. f4 Rd8 33. Rxd8 Bxd8 34. b4 Be7 35. Bd2 a6 36. a4 b5 37. axb5 axb5 38. f5+ Kd7 1/2-1/2

[Event "Hessenliga 0607"]
[White "Stelzer, Harald"]
[Black "Pribe, Viktor"]
[Site "Germany"]
[Round "3.3"]
[Result "1-0"]
[Date "2006.10.29"]
[WhiteElo "2251"]
[BlackElo "2134"]
[PlyCount "67"]
[EventDate "2006.09.17"]
[EventType "team-tourn"]
[EventRounds "9"]
[EventCountry "GER"]
[SourceTitle "EXT 2008"]
[Source "ChessBase"]
[SourceDate "2007.11.25"]
[SourceVersion "1"]
[SourceVersionDate "2007.11.25"]
[SourceQuality "1"]
[WhiteTeam "Bensheim"]
[BlackTeam "Giessen II"]
[WhiteTeamCountry "GER"]
[BlackTeamCountry "GER"]

1. e4 c5 2. Nf3 Nc6 3. d4 cxd4 4. Nxd4 Nf6 5. Nc3 d6 6. Bc4 e6 7. Be3 a6 8. Qe2 Bd7 9. 0-0-0 b5 10. Bb3 Qa5 11. Nd5 Nxd4 12. Nxf6+ gxf6 13. Bxd4 Qd8 14. Qf3 Be7 15. Qg3 a5 16. a3 h5 17. f4 Kf8 18. h3 Rc8 19. Qf2 Rb8 20. g4 h4 21. f5 a4 22. Ba2 b4 23. axb4 Rxb4 24. c3 Rb7 25. fxe6 Bxe6 26. Bxe6 fxe6 27. g5 a3 28. gxf6 axb2+ 29. Kc2 Bxf6 30. Bxf6 Rf7 31. Rhf1 Qa8 32. Bg7+ Ke8 33. Qxf7+ Kd8 34. Rxd6+ 1-0

[Event "Oberwart op"]
[White "Moser, Eva"]
[Black "Stelzer, Harald"]
[Site "Oberwart"]
[Round "9"]
[Result "1-0"]
[Date "2006.07.16"]
[WhiteElo "2395"]
[BlackElo "2251"]
[PlyCount "85"]
[EventDate "2006.07.08"]
[EventType "swiss"]
[EventRounds "9"]
[EventCountry "AUT"]
[SourceTitle "CBM 113 Extra"]
[Source "ChessBase"]
[SourceDate "2006.09.14"]
[SourceVersion "1"]
[SourceVersionDate "2006.09.14"]
[SourceQuality "1"]

1. e4 d5 2. exd5 Qxd5 3. Nc3 Qa5 4. d4 c6 5. Bc4 Bf5 6. Qf3 e6 7. Bd2 Nf6 8. d5 Bb4 9. dxe6 Qe5+ 10. Qe2 Qxe2+ 11. Ngxe2 Bxe6 12. Bxe6 fxe6 13. 0-0-0 Nbd7 14. Ng3 Nc5 15. a3 Bxc3 16. Bxc3 Ncd7 17. Rhe1 Kf7 18. Ne4 Rab8 19. Ng5+ Kg6 20. Nxe6 Rhe8 21. f4 h6 22. f5+ Kf7 23. Rd3 Nf8 24. Rg3 Nh5 25. Rge3 Nd7 26. Bd4 b6 27. Nxg7 Nxg7 28. Bxg7 Rxe3 29. Rxe3 Rg8 30. Bxh6 Rxg2 31. h4 Kf6 32. Rf3 Ke5 33. Bg5 Ke4 34. Rf4+ Ke5 35. Rf1 Nf6 36. b3 b5 37. Kb2 a5 38. Bf4+ Ke4 39. Bg5 Ke5 40. Rf3 Rg4 41. Rc3 a4 42. Rxc6 Nh5 43. Rb6 1-0

[Event "Hessenliga 0506"]
[White "Stelzer, Harald"]
[Black "Kuech, Holger"]
[Site "Germany"]
[Round "7.1"]
[Result "0-1"]
[Date "2006.01.22"]
[WhiteElo "2271"]
[BlackElo "2213"]
[PlyCount "68"]
[EventDate "2005.09.11"]
[EventType "team-tourn"]
[EventRounds "11"]
[EventCountry "GER"]
[SourceTitle "EXT 2007"]
[Source "ChessBase"]
[SourceDate "2006.11.23"]
[SourceVersion "1"]
[SourceVersionDate "2006.11.23"]
[SourceQuality "1"]
[WhiteTeam "Bensheim"]
[BlackTeam "Eppstein"]
[WhiteTeamCountry "GER"]
[BlackTeamCountry "GER"]

1. e4 c6 2. d4 d5 3. Nc3 dxe4 4. Nxe4 Nd7 5. Nf3 Ngf6 6. Neg5 h6 7. Nh3 Nb6 8. Nf4 Bf5 9. Bd3 Bxd3 10. Nxd3 e6 11. 0-0 Qc7 12. b3 Be7 13. c4 Rd8 14. Bf4 Qc8 15. Qd2 c5 16. dxc5 Bxc5 17. Rad1 Nbd7 18. Nxc5 Nxc5 19. Qa5 Nd3 20. Be3 a6 21. Qc3 Qd7 22. Ne1 Nf4 23. Rxd7 Ne2+ 24. Kh1 Nxc3 25. Rxb7 Nxa2 26. Bb6 Rc8 27. Nd3 0-0 28. Ra1 Nc3 29. Rxa6 Rfd8 30. Bxd8 Rxd8 31. h3 Rxd3 32. c5 Nce4 33. c6 Nxf2+ 34. Kh2 N6g4+ 0-1

[Event "Hessenliga 0506"]
[White "Stelzer, Harald"]
[Black "Mueller, Michael"]
[Site "Germany"]
[Round "6.2"]
[Result "1-0"]
[Date "2005.12.18"]
[WhiteElo "2271"]
[BlackElo "2234"]
[PlyCount "77"]
[EventDate "2005.09.11"]
[EventType "team-tourn"]
[EventRounds "11"]
[EventCountry "GER"]
[SourceTitle "EXT 2007"]
[Source "ChessBase"]
[SourceDate "2006.11.23"]
[SourceVersion "1"]
[SourceVersionDate "2006.11.23"]
[SourceQuality "1"]
[WhiteTeam "Bensheim"]
[BlackTeam "Biebertal"]
[WhiteTeamCountry "GER"]
[BlackTeamCountry "GER"]

1. e4 Nf6 2. e5 Nd5 3. c4 Nb6 4. c5 Nd5 5. Nc3 e6 6. Nxd5 exd5 7. d4 d6 8. cxd6 cxd6 9. Nf3 Nc6 10. Bd3 dxe5 11. dxe5 Be7 12. 0-0 0-0 13. h3 Be6 14. Qc2 h6 15. Qe2 Qd7 16. Bf4 f6 17. Rad1 fxe5 18. Nxe5 Nxe5 19. Bxe5 Bc5 20. Kh2 Rad8 21. f4 Bd6 22. Rfe1 Bxe5 23. Qxe5 Bf5 24. Bc4 Rfe8 25. Qxd5+ Qxd5 26. Rxd5 Rxe1 27. Rxd8+ Kh7 28. g4 Be4 29. Bg8+ Kh8 30. Bf7+ Kh7 31. f5 Re2+ 32. Kg3 g5 33. fxg6+ Bxg6 34. Bxg6+ Kxg6 35. Rd6+ Kf7 36. Rd7+ Re7 37. Rxe7+ Kxe7 38. Kf4 Kf6 39. h4 1-0